| 000 | 01156cam a2200289 a 4500 | ||
|---|---|---|---|
| 001 | 3504506 | ||
| 003 | OSt | ||
| 005 | 20240614101032.0 | ||
| 008 | 950317s1995 enka b 001 0 eng | ||
| 010 | _a 95008506 | ||
| 020 | _a052149799X (paperback) | ||
| 040 |
_aDLC _cMUST _dDLC |
||
| 082 | 0 | 0 |
_a510 _bGAR 1995 |
| 100 | 1 |
_aGardiner, Stephen J. _917172 |
|
| 245 | 1 | 0 |
_aHarmonic approximation / _cStephen J. Gardiner. |
| 260 |
_aCambridge ; _aNew York, NY, USA : _bCambridge University Press, _c1995. |
||
| 300 |
_axiii, 132 p. : _bill. ; _c23 cm. |
||
| 440 | 0 |
_aLondon Mathematical Society lecture note series ; _v221 _917173 |
|
| 504 | _aIncludes bibliographical references (p. [125]-129) and index. | ||
| 650 | 0 |
_aHarmonic analysis. _917174 |
|
| 650 | 0 |
_aApproximation theory. _915938 |
|
| 856 | 4 | 2 |
_3Publisher description _uhttp://www.loc.gov/catdir/description/cam026/95008506.html |
| 856 | 4 | 1 |
_3Table of contents _uhttp://www.loc.gov/catdir/toc/cam027/95008506.html |
| 906 |
_a7 _bcbc _corignew _d1 _eocip _f19 _gy-gencatlg |
||
| 942 |
_2ddc _cO_SHELF |
||
| 999 |
_c8448 _d8448 |
||